00313nam a22001337a 4500020001800000082001400018100001500032245003000047260003200077300001000109650002000119650002500139650001500164 a9789370986992 aM3bKIN/K aKing Johns aKotharani/cby King Johns aKottayam:bDC Books,c2025. a306p. aNovel Malayalam aLiterature Malayalam aLiterature